Normal view
MARC view
- Johnson, Frederick
Entry Personal Name
001 - CONTROL NUMBER
- control field: 44955
003 - CONTROL NUMBER IDENTIFIER
- control field: NUST
005 - DATE AND TIME OF LATEST TRANSACTION
- control field: 20210314133123.0
008 - FIXED-LENGTH DATA ELEMENTS
- fixed length control field: 210314|| aca||aabn | a|a d
040 ## - CATALOGING SOURCE
- Original cataloging agency: NUST
- Transcribing agency: NUST
100 ## - HEADING--PERSONAL NAME
- Personal name: Johnson, Frederick
670 ## - SOURCE DATA FOUND
- Source citation: Work cat.: (NUST): Johnson, Frederick,, Metal working and heat-treatment manual ..., [1945-
